MARC

LEADER 00000nam0a2200000 4500
001 54687
005 20231101211512.0
010 |a 5836501211 
035 |a (RuTPU)RU\TPU\book\57346 
090 |a 54687 
100 |a 20030826d2003 k y0rusy50 ca 
101 0 |a rus 
102 |a RU 
105 |a a z 001zy 
200 1 |a Насосная добыча высоковязкой нефти из наклонных и обводненных скважин  |f К. Р. Уразаков, Е. И. Богомольный Е. И., Ж. С. Сайтпагамбетов, А. Г. Газаров  |g Под ред. М. Д. Валеева 
210 |a Москва  |c Недра-Бизнесцентр  |d 2003 
215 |a 303 с.  |c ил. 
320 |a Библиогр.: с. 296-300. 
606 1 |a Насосы нефтяные глубинные  |x Эксплуатация в сложных условиях  |2 stltpush  |3 (RuTPU)RU\TPU\subj\44994  |9 64262 
610 1 |a нефть 
610 1 |a насосная добыча 
610 1 |a подземное оборудование 
610 1 |a штанговая колонна 
610 1 |a наклонно-направленные скважины 
610 1 |a эксплуатация 
610 1 |a водонефтяные эмульсии 
610 1 |a осложнения 
610 1 |a вязкая нефть 
610 1 |a парафиновая нефть 
610 1 |a специальные средства 
610 1 |a пневмонасосы 
610 1 |a малодебитные скважины 
675 |a 622.276.53  |v 3 
701 1 |a Уразаков  |b К. Р.  |g Камил Рахматуллович 
701 1 |a Богомольный Е. И.  |b Е. И.  |g Евгений Исаакович 
701 1 |a Сайтпагамбетов  |b Ж. С.  |g Женис Сайтпагамбетович 
701 1 |a Газаров  |b А. Г.  |g Аленик Григорьевич 
702 1 |a Валеев  |b М. Д.  |4 340 
801 1 |a RU  |b 63413507  |c 20030826  |g PSBO 
801 2 |a RU  |b 63413507  |c 20150723  |g PSBO 
942 |c BK